El aprendizaje de las mujeres sobre internet y redes sociales: validación y resultados generales de una escala (Record no. 200637)

MARC details
000 -CABECERA
campo de control de longitud fija 02840nab a2200313 a 4500
005 - FECHA Y HORA DE LA ÚLTIMA TRANSACCIÓN
campo de control 20250829063922.0
008 - ELEMENTOS DE LONGITUD FIJA--INFORMACIÓN GENERAL
campo de control de longitud fija 991125c2019 sp fr p o 000 0 spa d
035 ## - NÚMERO DE CONTROL DEL SISTEMA
Número de control de sistema UPN01000228542
040 ## - FUENTE DE LA CATALOGACIÓN
Centro catalogador/agencia de origen MX-MxUPN
Lengua de catalogación spa
Centro/agencia transcriptor MX-MxUPN
Normas de descripción aacr2
049 ## - COLECCIÓN
Colección ART-E
100 1# - ASIENTO PRINCIPAL--NOMBRE PERSONAL
Nombre de persona Vico Bosch, Alba
Enlace - avico@us.es
100 1# - ASIENTO PRINCIPAL--NOMBRE PERSONAL
Nombre de persona Rebollo Catalán, Ángeles
245 13 - MENCIÓN DE TÍTULO
Título El aprendizaje de las mujeres sobre internet y redes sociales: validación y resultados generales de una escala
Medio [recurso electrónico en línea]
506 0# - NOTA DE RESTRICCIONES AL ACCESO
Limitaciones de acceso Acceso abierto
520 3# - NOTA DE RESUMEN, ETC.
Sumario, etc. Informes y políticas de inclusión digital a nivel internacional ponen el acento en la importancia de aumentar el protagonismo de las mujeres en la sociedad del conocimiento promoviendo sus capacidades en el uso de internet y las redes sociales. Este trabajo presenta tres escalas que sirven para medir su aprendizaje y algunos resultados preliminares obtenidos con las mismas. Aplicamos sendas escalas compuestas por 10 ítems cada una, que miden motivos, estrategias y recursos de aprendizaje respectivamente a 1.340 mujeres españolas de 18 a 65 años seleccionadas mediante un muestreo estratificado por cuotas considerando la edad y la situación laboral. Los resultados indican una óptima validez de constructo y un alto índice de fiabilidad de las tres escalas (motivos, α = .890; estrategias, α = .900; y recursos, α = .872). Los resultados muestran que las mujeres aprenden a usar las redes sociales e internet por una amplia heterogeneidad de motivos, destacando a nivel específico la realización de gestiones administrativas, el desarrollo de hobbies o la gestión de su formación. También encontramos que las mujeres despliegan una variedad de estrategias usando más frecuentemente acciones de aprendizaje autónomo con apoyo en amigos y familiares, la consulta de webs y videotutoriales, observando cómo lo hacen otras personas y experimentando con la propia tecnología. En conclusión, las escalas se muestran valiosas para conocer cómo aprenden las mujeres sobre internet y las redes sociales. Este estudio abre el camino para repensar la oferta formativa encaminada a aumentar la visibilidad y protagonismo de las mujeres en la sociedad del conocimiento, considerando la naturaleza y diversidad del aprendizaje.
650 #4 - ASIENTO SECUNDARIO DE MATERIA - TERMINO TEMATICO
Término de materia o nombre geográfico como elemento de entrada Redes sociales en línea
9 (RLIN) 45823
650 #4 - ASIENTO SECUNDARIO DE MATERIA - TERMINO TEMATICO
Término de materia o nombre geográfico como elemento de entrada Aprendizaje
9 (RLIN) 2861
650 #4 - ASIENTO SECUNDARIO DE MATERIA - TERMINO TEMATICO
Término de materia o nombre geográfico como elemento de entrada Internet
9 (RLIN) 547
650 #4 - ASIENTO SECUNDARIO DE MATERIA - TERMINO TEMATICO
Término de materia o nombre geográfico como elemento de entrada Estudios de género
9 (RLIN) 20662
650 #2 - ASIENTO SECUNDARIO DE MATERIA - TERMINO TEMATICO
Término de materia o nombre geográfico como elemento de entrada Mujeres
9 (RLIN) 7160
653 0# - TERMINO DE INDIZACION - NO CONTROLADO
Término no controlado Validez
653 0# - TERMINO DE INDIZACION - NO CONTROLADO
Término no controlado Fiabilidad
773 ## - ENLACE AL DOCUMENTO FUENTE/ENTRADA DE REGISTRO ANFITRIÓN
Parte(s) relacionada(s) Vol. 22, no. 1 (2019 ), p. 375-400
Título Educación xxi
Número Internacional Normalizado para Publicaciones Seriadas 1139-613X
856 4# - LOCALIZACIÓN Y ACCESO ELECTRÓNICOS
Identificador Uniforme del Recurso <a href="http://revistas.uned.es/index.php/educacionXX1/article/view/21469/18556">http://revistas.uned.es/index.php/educacionXX1/article/view/21469/18556</a>
856 4# - LOCALIZACIÓN Y ACCESO ELECTRÓNICOS
Identificador Uniforme del Recurso <a href="https://doi.org/10.5944/educXX1.21469">https://doi.org/10.5944/educXX1.21469</a>
902 ## - ELEMENTOS DE DATOS B LOCAL, LDB (RLIN)
Creó Gloria Jiménez
Modificó Gloria Jiménez/270623
905 ## - TIPO DE MATERIAL
Tipo de material Articulo
942 ## - ELEMENTOS DE PUNTO DE ACCESO ADICIONAL (KOHA)
Tipo de ítem Koha Artículo Electrónico
Holdings
Estado de retiro Estado de pérdida Estado dañado No para préstamo Código de colección Localización permanente Ubicación/localización actual Ubicación en estantería Fecha de adquisición Total de préstamos Fecha visto por última vez Identificador Uniforme del Recurso Precio válido a partir de Tipo de ítem Koha
        Acceso abierto Bib. Gregorio Torres Quintero Bib. Gregorio Torres Quintero En línea 27/06/2023   27/06/2023 https://revistas.uned.es/index.php/educacionXX1/article/view/21469/18556 27/06/2023 Artículo Electrónico